000 00463 a2200157 4500
040 _aDLC
_bDLC
082 _a658.3 VEC
100 _aVecchio, Robert P.
245 _a Organizational Behavior
_cRobert P. Vecchio
260 _aIslamabad :
_bNational Book Foundation.
_c2000.
300 _axix, 874 p. :
_bill. ;
_c24 cm.
500 _a Includes Index
650 _aOrganizational behavior.
700 _a 1.Hearn, Greg.2.Southey, Greg.
942 _cBK
_k658.3 VEC
_2ddc
999 _c8781
_d8781